| 000 | 01408nam a22003374a 4500 | ||
|---|---|---|---|
| 001 | ebr10313856 | ||
| 003 | CaPaEBR | ||
| 006 | m u | ||
| 007 | cr cn||||||||| | ||
| 008 | 040922s2005 maub sb 001 0 eng | ||
| 010 | _z 2004059693 | ||
| 020 | _z0674017013 (alk. paper) | ||
| 040 |
_aCaPaEBR _cCaPaEBR |
||
| 035 | _a(OCoLC)646278172 | ||
| 043 |
_aa-cc-hk _aa-cc--- |
||
| 050 | 1 | 4 |
_aDS796.H757 _bC38 2005eb |
| 082 | 0 | 4 |
_a951.25/04 _222 |
| 100 | 1 |
_aCarroll, John M. _q(John Mark), _d1961- |
|
| 245 | 1 | 0 |
_aEdge of empires _h[electronic resource] : _bChinese elites and British colonials in Hong Kong / _cJohn M. Carroll. |
| 246 | 3 | 0 | _aChinese elites and British colonials in Hong Kong |
| 260 |
_aCambridge, Mass. ; _aLondon, Eng. : _bHarvard University Press, _c2005. |
||
| 300 |
_axii, 260 p. : _bmap. |
||
| 504 | _aIncludes bibliographical references (p. [237]-252) and index. | ||
| 533 |
_aElectronic reproduction. _bPalo Alto, Calif. : _cebrary, _d2013. _nAvailable via World Wide Web. _nAccess may be limited to ebrary affiliated libraries. |
||
| 651 | 0 |
_aHong Kong (China) _xHistory. |
|
| 651 | 0 |
_aChina _xHistory _y1861-1912. |
|
| 651 | 0 |
_aChina _xHistory _yRepublic, 1912-1949. |
|
| 655 | 7 |
_aElectronic books. _2local |
|
| 710 | 2 | _aebrary, Inc. | |
| 856 | 4 | 0 |
_uhttp://site.ebrary.com/lib/rucke/Doc?id=10313856 _zAn electronic book accessible through the World Wide Web; click to view |
| 999 |
_c164758 _d164758 |
||